LEADER 01006nam a2200241 i 4500 001 000000185751 003 CaOOAMICUS 005 20151201000000.0 008 151201s1989 it u000 u ita u 013 $a163785 040 $aSeMil$bita 100 1 $aFasoli, Giuseppe.$0(OLS)http://semarc/name/54597 245 13$aLa sfida del povero :$bGeorges Bernanos /$cGiuseppe Fasoli ; postfazione di Jean-Loup Bernanos. 260 $aCinisello Balsamo (MI) :$bPaoline,$ccopyr. 1989. 300 $a127 p. ;$c21 cm. 500 $aContiene : Bibliografia. 600 14$aBernanos, Georges <1888-1948>.$0(OLS)http://semarc/subject/5594 700 1 $aBernanos, Jean-Loup.$0(OLS)http://semarc/name/68269 850 $aSeMil 852 $aSeMil$W1$xVenegono$y1$m1O II 205$j136442$B136442$CSeMilBibl$Z2$F147972 $81 961 $aOmaggio: Altro 996 $6245$aLa sfida del povero :$bGeorges Bernanos$9(OLS)http://semarc/title/267017 996 $6260$aCinisello Balsamo (MI) :$bPaoline$9(OLS)http://semarc/publisher/29714 LEADER 01096nam a2200265 i 4500 001 000000117886 003 CaOOAMICUS 005 20030912000000.0 008 030912s1996 it u000 u ita u 013 $a90578 020 $a88-01-00066-9 040 $aSeMil$bita 100 1 $aViganò, Egidio,$c.$0(OLS)http://semarc/name/19286 245 10$aDon Egidio Viganò :$bsettimo successore di don Bosco : frammenti di vita. 260 $a[Torino-Leumann] :$bElle Di Ci,$ccopyr. 1996. 300 $a304 p., [32] p. di tav. ;$c24 cm. 500 $aFondo Card. C.M. Martini. 650 4$aViganò, Egidio .$0(OLS)http://semarc/subject/21883 850 $aSeMil 852 $aSeMil$W1$xVenegono$y1$m3J IV 27$j73228$B73228$CSeMilBibl$Z2$F79836 $81 941 1 $a4 961 $aOmaggio: Martini Card. Carlo Maria 996 $6020$a88-01-00066-9$9(OLS)http://semarc/number/102363 996 $6245$aDon Egidio Viganò :$bsettimo successore di don Bosco : frammenti di vita$9(OLS)http://semarc/title/173111 996 $6260$a[Torino-Leumann] :$bElle Di Ci$9(OLS)http://semarc/publisher/39666